[Тридесет] 30 години Средно училище с преподаване на немски език - Русе (Запис номер 490043)
[ съкратено ]
| 000 -Лидер | |
|---|---|
| Контролно поле с фиксирана дължина | nam a22 a 4500 |
| 003 - Код на организацията, давaща контролен номер | |
| Контролно поле | BLK |
| 005 - Дата и час на последна редакция | |
| Контролно поле | 20230328111731.0 |
| 008 - Елементи от данни с фиксирана дължина | |
| fixed length control field | 200630b bu |||||r|||| 00| | bu d |
| 020 ## - Международен стандартен номер на книга ISBN | |
| Международен стандартен номер на книга ISBN | 978-619-7616-26-2 |
| 040 ## - Източник на каталожния запис | |
| Идентификатор на билиотеката - собственик на записа | BLK |
| 041 ## - Код за език | |
| Код за езика на текст/звукозапис или на отделно заглавие | Български |
| Код за езика КДБФ | Български |
| 080 ## - УДК | |
| Текстов определител УДК | Средни училища |
| УДК код - определител по УДК | 373.5 |
| УДК определител | (497.215)(091)(092)(047.53) |
| УДК - код + определител | 373.5(497.215)(091)(092)(047.53) |
| 080 ## - УДК | |
| Текстов определител УДК | Биографии |
| УДК код - определител по УДК | 929 |
| УДК определител | (497.215) |
| УДК - код + определител | 929(497.215) |
| 110 ## - Редна дума - колетивен орган | |
| 9 (RLIN) | 486990 |
| Редна дума - наименование на организация или юридическо лице | Средно училище с преподаване на немски език Фридрих Шилер (Русе) |
| Друга информация | СУПНЕ |
| 139 ## - Редно поле | |
| Редна дума | [Тридесет] 30 години Средно училище с преподаване на немски език - Русе |
| Авторски знак | Три - Т 83 |
| 245 ## - Сведения за заглавието | |
| Заглавие | [Тридесет] 30 години Средно училище с преподаване на немски език - Русе |
| Подзаглавни данни | Сборник |
| Редно поле (дума) | състав., предг. и ред. Николай Чакъров; прев. на нем. Петя Великова; прев. на англ. Веселка Симеонова. |
| 257 ## - Страна на издаване | |
| Страна на създаване/издаване | България |
| 260 ## - Област на издателските данни | |
| 9 (RLIN) | 209554 |
| Място на издаване, разпространение и проч. | Русе |
| Име на издателя, разпространителя и проч. | Лени Ан |
| Година на издаване | 2022 |
| Издателство - префикс ISBN | 978-619-7058- ; 978-954-8190- |
| 300 ## - Физическа характеристика | |
| Страници | 115 с. |
| Илюстрации и др. | с ил., портр. |
| Размери/Мащаб | 21 см |
| 380 ## - Жанр | |
| Жанр | Обществени науки |
| 500 ## - Общи забележки | |
| Забележка | Рез. на нем, англ. ез. / прев. Петя Великова, Веселка Симеонова. - Съдържа интервюта с: Пламен Иванов, Олга Георгиева, Елена Вачкова, Диана Паунова, Ирина Няголова, Теменуга Даневска, Гинка Мартева, Милка Кожухарова, Румяна Сидерова, Радка Симеонова, Гинка Кръстева, Стоянка Тодорова, Рубина Маринова, Жанета Катана, Добрил Христов, Атанас Петров |
| 650 #0 - Допълнително описание по предмет – тема | |
| 9 (RLIN) | 244252 |
| Основно описание – тема или топоним | Учители, български |
| 650 #0 - Допълнително описание по предмет – тема | |
| 9 (RLIN) | 284655 |
| Основно описание – тема или топоним | Средно образование - България |
| 651 #7 - Допълнително описание по предмет - топоним | |
| 9 (RLIN) | 179462 |
| Географско понятие | Русе |
| 653 #7 - Ключова дума – ненормативна | |
| 9 (RLIN) | 197223 |
| Ключова дума | средни училища |
| 653 #0 - Ключова дума – ненормативна | |
| 9 (RLIN) | 470831 |
| Ключова дума | годишнини |
| 700 ## - Други автори (авторска отговорност) | |
| 9 (RLIN) | 1564 |
| Лично име | Чакъров, Николай Иванов |
| Автороска отговорност (Описва отношението между автора и произведението) | състав., предг. и ред. |
| 700 ## - Други автори (авторска отговорност) | |
| 9 (RLIN) | 999 |
| Лично име | Великова, Петя Румянова |
| Автороска отговорност (Описва отношението между автора и произведението) | прев. на нем. |
| 700 ## - Други автори (авторска отговорност) | |
| 9 (RLIN) | 988 |
| Лично име | Симеонова, Веселка Йорданова |
| Автороска отговорност (Описва отношението между автора и произведението) | прев. на англ. |
| 710 ## - Име на организация или юридическо лице като допълнителен термин за търсене | |
| 9 (RLIN) | 486990 |
| Наименование на организация или юридическо лице като редна дума | Средно училище с преподаване на немски език Фридрих Шилер (Русе) |
| 856 ## - Електронен адрес и достъп | |
| Инструкция (цена за достъп) | 0.00 |
| Права за достъп | disable |
| 999 ## - СИСТЕМНИ КОНТРОЛНИ НОМЕРА | |
| Koha biblionumber | 490043 |
| Koha biblioitemnumber | 490043 |
| 942 ## - АРТИКУЛИ | |
| Вид на библиотечния материал | Книги |
| Скрит в OPAC | Не |
| Периодичен библиозапис | Да |
| 944 ## - СЪЗДАВАНЕ И РЕДАКЦИЯ на ЗАПИСА | |
| Създаване/Редакция | Създаване |
| Дата на регистрацията/редакция | 2023-03-24 |
| Служител, извършил регистрацията/редакцията | СТ |
| 999 ## - СИСТЕМНИ КОНТРОЛНИ НОМЕРА | |
| Koha biblioitemnumber | 490043 |
| 999 ## - СИСТЕМНИ КОНТРОЛНИ НОМЕРА | |
| Koha biblioitemnumber | 490043 |
| Код за отписване | Код за изгубен артикул | Източник на класификационната схема | Код за повреда | Коз за рестрикции | Код за отдаване | Артикулен № | Име на библиотеката - собственик | Име на библиотеката, в която се намира в момента | Статус (Текущо местоположение) | Дата на вписване в системата | Местоположение - отдел | Цена в лева | Инвентарен номер | Систематично азбучна сигнатура | Баркод | Цена в евро | Служебен тип на артикула |
|---|---|---|---|---|---|---|---|---|---|---|---|---|---|---|---|---|---|
| Не е изгубен | Universal Decimal Classification | Не е повреден | без рестрикции | заемане за дома | 925501 | Регионална библиотека "Любен Каравелов" Русе | Регионална библиотека "Любен Каравелов" Русе | Заемна - подръчен фонд | 2023-03-29 | Заемна - подръчен фонд | 8.00 | 120000884786 | 373.5/Т 83 | 120000884786 | 4.09 | Книги | |
| Не е изгубен | Universal Decimal Classification | Не е повреден | само за читалня | ползва се в читалня | 926250 | Регионална библиотека "Любен Каравелов" Русе | Регионална библиотека "Любен Каравелов" Русе | Хранилище | 2023-03-31 | Основен фонд - ползва се само за читалня | 10.00 | 120000885493 | Цб 317153 | 120000885493 | 5.11 | Книги | |
| Не е изгубен | Universal Decimal Classification | Не е повреден | само за читалня | ползва се в читалня | 926288 | Регионална библиотека "Любен Каравелов" Русе | Регионална библиотека "Любен Каравелов" Русе | Краезнание | 2023-03-31 | Краезнание | 8.00 | 120000885543 | К 373.5/Т 83 | 120000885543 | 4.09 | Книги |